[Event "Carnaval"]
[Site "Quebec CAN"]
[Date "2004.02.14"]
[Round "3"]
[White "Hebert, Jean"]
[Black "Lesiege, Alexandre"]
[Result "1/2-1/2"]
[WhiteElo "2558"]
[BlackElo "2425"]
[WhiteFideId "-1"]
[WhiteFideId "-1"]
[PlyCount "29"]
[GameId "2160767911192020"]
[EventDate "2004.02.13"]
[EventType "swiss"]
[EventRounds "5"]
[EventCountry "CAN"]
[SourceTitle "EXT 2005"]
[Source "ChessBase"]
[SourceDate "2004.11.15"]
[SourceVersion "1"]
[SourceVersionDate "2004.11.15"]
[SourceQuality "1"]

1. d4 d5 2. Nf3 Nf6 3. c4 dxc4 4. e3 e6 5. Bxc4 c5 6. O-O a6 7. Qe2 b5 8. Bb3 Bb7 9. a4 Nbd7 10. Nbd2 Qb6 11. axb5 axb5 12. Rxa8+ Bxa8 13. Bc2 Be7 14. b3 O-O 15. Bb2 1/2-1/2

[Event "Carnaval"]
[Site "Quebec CAN"]
[Date "2004.02.15"]
[Round "4"]
[White "Lesiege, Alexandre"]
[Black "Lawson, Eric"]
[Result "1-0"]
[WhiteElo "2558"]
[BlackElo "2347"]
[WhiteFideId "-1"]
[WhiteFideId "-1"]
[PlyCount "81"]
[GameId "2160767911192030"]
[EventDate "2004.02.13"]
[EventType "swiss"]
[EventRounds "5"]
[EventCountry "CAN"]
[SourceTitle "EXT 2005"]
[Source "ChessBase"]
[SourceDate "2004.11.15"]
[SourceVersion "1"]
[SourceVersionDate "2004.11.15"]
[SourceQuality "1"]

1. Nf3 Nf6 2. c4 b6 3. g3 Bb7 4. Bg2 e6 5. O-O Be7 6. Nc3 O-O 7. d4 Ne4 8. Bd2 f5 9. d5 Bf6 10. Rc1 Na6 11. Be1 Nac5 12. Nd4 Qe7 13. Ndb5 a6 14. Nxc7 Bxc3 15. Bxc3 Rac8 16. b4 Rxc7 17. bxc5 Nxc3 18. d6 Qf6 19. Qd2 Rxc5 20. Bxb7 Rxc4 21. Bxa6 Ne4 22. Qe3 Rd4 23. Rfd1 Rxd1+ 24. Rxd1 Qb2 25. Bc4 Rc8 26. Bb3 Rc6 27. Bxe6+ Kf8 28. Bxf5 Rxd6 29. Rc1 Nf6 30. Rc8+ Kf7 31. Bc2 Qa1+ 32. Kg2 Qd4 33. Bb3+ Kg6 34. Qf3 Qg4 35. Qe3 Qd4 36. Qe7 Rc6 37. Rxc6 dxc6 38. Qe6 Qc3 39. e4 Kh5 40. e5 Ng4 41. Qf5+ 1-0

[Event "Carnaval"]
[Site "Quebec CAN"]
[Date "2004.02.15"]
[Round "5"]
[White "Lesiege, Alexandre"]
[Black "Gravel, Simon M"]
[Result "1-0"]
[WhiteElo "2558"]
[BlackElo "2226"]
[WhiteFideId "-1"]
[WhiteFideId "-1"]
[PlyCount "55"]
[GameId "2160767911192040"]
[EventDate "2004.02.13"]
[EventType "swiss"]
[EventRounds "5"]
[EventCountry "CAN"]
[SourceTitle "EXT 2005"]
[Source "ChessBase"]
[SourceDate "2004.11.15"]
[SourceVersion "1"]
[SourceVersionDate "2004.11.15"]
[SourceQuality "1"]

1. c4 Nf6 2. Nc3 d5 3. cxd5 Nxd5 4. Nf3 g6 5. e4 Nxc3 6. dxc3 Qxd1+ 7. Kxd1 Bg7 8. Kc2 O-O 9. Bg5 e5 10. Bc4 Nd7 11. Be3 Re8 12. Rad1 h6 13. Nd2 Nf6 14. f3 Be6 15. b4 a5 16. b5 Bf8 17. a4 Kg7 18. Bxe6 Rxe6 19. Nc4 Ree8 20. g4 Re6 21. h4 Bd6 22. g5 hxg5 23. hxg5 Ne8 24. Rd2 b6 25. Rdh2 Kf8 26. Bf2 Ke7 27. Rh7 Bc5 28. Bg3 1-0

[Event "Montreal CC ch"]
[Site "Montreal CAN"]
[Date "2004.01.23"]
[Round "1"]
[White "Ramaswamy, Kishor"]
[Black "Lesiege, Alexandre"]
[Result "0-1"]
[WhiteElo "2078"]
[BlackElo "2513"]
[WhiteFideId "-1"]
[WhiteFideId "-1"]
[PlyCount "64"]
[GameId "2160767911192245"]
[EventDate "2004.01.23"]
[EventType "swiss"]
[EventRounds "5"]
[EventCountry "CAN"]
[SourceTitle "EXT 2005"]
[Source "ChessBase"]
[SourceDate "2004.11.15"]
[SourceVersion "1"]
[SourceVersionDate "2004.11.15"]
[SourceQuality "1"]

1. d4 Nf6 2. Nf3 g6 3. Bg5 Bg7 4. Nbd2 d5 5. e3 O-O 6. Bd3 Nbd7 7. O-O c5 8. c3 b6 9. b4 a5 10. bxc5 bxc5 11. Rb1 a4 12. Qc2 Ba6 13. Bxa6 Rxa6 14. Rb5 Qc7 15. Bf4 Qc6 16. Rfb1 cxd4 17. exd4 Rc8 18. Ne5 Nxe5 19. Rc5 Qa8 20. Rxc8+ Qxc8 21. Bxe5 Nd7 22. Bxg7 Kxg7 23. Rb4 Re6 24. g3 Nb6 25. Qb2 Qa6 26. c4 Nxc4 27. Nxc4 dxc4 28. Qc3 Re2 29. a3 Qf6 30. f3 Qf5 31. Rb2 Rxb2 32. Qxb2 Qd3 0-1

[Event "Montreal CC ch"]
[Site "Montreal CAN"]
[Date "2004.01.24"]
[Round "3"]
[White "Bolduc, Steve"]
[Black "Lesiege, Alexandre"]
[Result "1-0"]
[WhiteElo "2259"]
[BlackElo "2513"]
[WhiteFideId "-1"]
[WhiteFideId "-1"]
[PlyCount "53"]
[GameId "2160767911200450"]
[EventDate "2004.01.23"]
[EventType "swiss"]
[EventRounds "5"]
[EventCountry "CAN"]
[SourceTitle "EXT 2005"]
[Source "ChessBase"]
[SourceDate "2004.11.15"]
[SourceVersion "1"]
[SourceVersionDate "2004.11.15"]
[SourceQuality "1"]

1. d4 d5 2. c4 e6 3. Nc3 c6 4. e4 dxe4 5. Nxe4 Bb4+ 6. Bd2 Qxd4 7. Bxb4 Qxe4+ 8. Be2 Na6 9. Ba3 c5 10. Qd6 Qxg2 11. Bf3 Qg5 12. Bc6+ bxc6 13. Qxc6+ Ke7 14. Qxa8 Qe5+ 15. Ne2 Qc7 16. Qg2 Nf6 17. Qg3 e5 18. O-O-O Be6 19. Nc3 Kf8 20. Rhe1 Nd7 21. Nd5 Qb7 22. Rxe5 Nxe5 23. Qxe5 h5 24. Nf4 Rh6 25. Rd8+ Ke7 26. Qf6+ Kxf6 27. Nxe6 1-0

[Event "Montreal CC ch"]
[Site "Montreal CAN"]
[Date "2004.01.25"]
[Round "4"]
[White "Lesiege, Alexandre"]
[Black "Sullivan, Neil"]
[Result "1-0"]
[WhiteElo "2513"]
[BlackElo "2092"]
[WhiteFideId "-1"]
[WhiteFideId "-1"]
[PlyCount "49"]
[GameId "2160767911200461"]
[EventDate "2004.01.23"]
[EventType "swiss"]
[EventRounds "5"]
[EventCountry "CAN"]
[SourceTitle "EXT 2005"]
[Source "ChessBase"]
[SourceDate "2004.11.15"]
[SourceVersion "1"]
[SourceVersionDate "2004.11.15"]
[SourceQuality "1"]

1. Nf3 c5 2. c4 Nc6 3. d4 cxd4 4. Nxd4 Nf6 5. g3 g6 6. Bg2 Bg7 7. O-O O-O 8. Nc3 Nxd4 9. Qxd4 d6 10. Qd3 Rb8 11. Be3 Qa5 12. Qd2 Re8 13. Rac1 Be6 14. b3 Rec8 15. Rfd1 a6 16. Ba7 Ra8 17. Bd4 Rab8 18. h3 Qh5 19. g4 Qh4 20. f3 Qg3 21. Bf2 Qe5 22. Na4 Bd7 23. Nb6 Rc7 24. f4 Qe6 25. Bd5 1-0

[Event "Montreal CC ch"]
[Site "Montreal CAN"]
[Date "2004.01.25"]
[Round "5"]
[White "Lesiege, Alexandre"]
[Black "Gravel, Simon M"]
[Result "1-0"]
[WhiteElo "2513"]
[BlackElo "2256"]
[WhiteFideId "-1"]
[WhiteFideId "-1"]
[PlyCount "105"]
[GameId "2160767911200466"]
[EventDate "2004.01.23"]
[EventType "swiss"]
[EventRounds "5"]
[EventCountry "CAN"]
[SourceTitle "EXT 2005"]
[Source "ChessBase"]
[SourceDate "2004.11.15"]
[SourceVersion "1"]
[SourceVersionDate "2004.11.15"]
[SourceQuality "1"]

1. Nf3 Nf6 2. c4 g6 3. Nc3 d5 4. cxd5 Nxd5 5. e4 Nxc3 6. bxc3 Bg7 7. d4 c5 8. Bb5+ Nc6 9. O-O cxd4 10. cxd4 O-O 11. Be3 Bg4 12. Bxc6 bxc6 13. Rc1 Qd6 14. e5 Qd5 15. h3 Be6 16. a3 Qd7 17. Qd2 Rab8 18. Rc3 f6 19. Bh6 Bd5 20. Bxg7 Kxg7 21. Re1 Rb7 22. Qf4 Rb3 23. Rxb3 Bxb3 24. Rb1 Bd5 25. Ne1 g5 26. Qe3 Qc7 27. h4 gxh4 28. Nd3 Kh8 29. Nf4 Rg8 30. Kh2 fxe5 31. Qxe5+ Qxe5 32. dxe5 Rg5 33. Nxd5 cxd5 34. f4 Rg4 35. Rb7 Rxf4 36. Rxa7 Kg8 37. Rxe7 Ra4 38. Kh3 d4 39. e6 Rxa3+ 40. Kxh4 Re3 41. Kg5 Rg3+ 42. Kf6 Rg6+ 43. Ke5 Rxg2 44. Rd7 Re2+ 45. Kf6 Rf2+ 46. Ke7 Rg2 47. Rxd4 h5 48. Rd5 Rh2 49. Kd7 Rg2 50. e7 Rg7 51. Ke6 Rxe7+ 52. Kxe7 h4 53. Ke6 1-0

[Event "Futurity V"]
[Site "Montreal CAN"]
[Date "2003.12.26"]
[Round "1"]
[White "Masse, Hugues"]
[Black "Lesiege, Alexandre"]
[Result "1/2-1/2"]
[WhiteElo "2120"]
[BlackElo "2535"]
[WhiteFideId "-1"]
[WhiteFideId "-1"]
[PlyCount "63"]
[GameId "2160767911225855"]
[EventDate "2003.12.26"]
[EventType "schev"]
[EventRounds "10"]
[EventCountry "CAN"]
[SourceTitle "CBM 098 Extra"]
[Source "ChessBase"]
[SourceDate "2004.03.10"]
[SourceVersion "2"]
[SourceVersionDate "2004.03.10"]
[SourceQuality "1"]

1. d4 Nf6 2. c4 e6 3. Nc3 Bb4 4. Qc2 Nc6 5. Nf3 d6 6. a3 Bxc3+ 7. Qxc3 O-O 8. b4 e5 9. b5 exd4 10. Nxd4 Ne5 11. e3 Re8 12. Be2 d5 13. cxd5 Nxd5 14. Qd2 Qg5 15. g3 Qg6 16. O-O Bh3 17. Re1 Rad8 18. Bb2 h5 19. Qc2 Qh6 20. Bf1 Bxf1 21. Rxf1 h4 22. Nf5 Qg6 23. e4 Nf3+ 24. Kg2 Qg4 25. exd5 Rxd5 26. Nxg7 Nd2 27. Nxe8 h3+ 28. Kg1 Qf3 29. Nf6+ Kf8 30. Nh7+ Kg8 31. Nf6+ Kf8 32. Nh7+ 1/2-1/2

[Event "Futurity V"]
[Site "Montreal CAN"]
[Date "2003.12.27"]
[Round "2"]
[White "Lesiege, Alexandre"]
[Black "Bachand-Fleurent, Julien"]
[Result "1-0"]
[WhiteElo "2535"]
[BlackElo "2057"]
[WhiteFideId "-1"]
[WhiteFideId "-1"]
[PlyCount "53"]
[GameId "2160767911225859"]
[EventDate "2003.12.26"]
[EventType "schev"]
[EventRounds "10"]
[EventCountry "CAN"]
[SourceTitle "CBM 098 Extra"]
[Source "ChessBase"]
[SourceDate "2004.03.10"]
[SourceVersion "2"]
[SourceVersionDate "2004.03.10"]
[SourceQuality "1"]

1. d4 d5 2. c4 c6 3. Nf3 e6 4. e3 Nf6 5. Nbd2 Nbd7 6. Bd3 Bd6 7. O-O O-O 8. e4 dxe4 9. Nxe4 Nxe4 10. Bxe4 f5 11. Bc2 h6 12. Re1 Nf6 13. Bd2 Re8 14. b4 b5 15. c5 Bb8 16. a4 g5 17. Ra3 a6 18. Ne5 Bb7 19. Rg3 Ng4 20. Rxg4 Bxe5 21. Rxe5 fxg4 22. Qxg4 Qf6 23. h4 Rf8 24. Be3 a5 25. hxg5 hxg5 26. Rxg5+ Kf7 27. Rg6 1-0

[Event "Futurity V"]
[Site "Montreal CAN"]
[Date "2003.12.28"]
[Round "3"]
[White "Charbonneau, Anne-Marie"]
[Black "Lesiege, Alexandre"]
[Result "0-1"]
[WhiteElo "2084"]
[BlackElo "2535"]
[WhiteFideId "-1"]
[WhiteFideId "-1"]
[PlyCount "92"]
[GameId "2160767911225864"]
[EventDate "2003.12.26"]
[EventType "schev"]
[EventRounds "10"]
[EventCountry "CAN"]
[SourceTitle "CBM 098 Extra"]
[Source "ChessBase"]
[SourceDate "2004.03.10"]
[SourceVersion "2"]
[SourceVersionDate "2004.03.10"]
[SourceQuality "1"]

1. d4 Nf6 2. c4 e6 3. Nc3 Bb4 4. Qc2 Nc6 5. Nf3 d6 6. Bd2 O-O 7. a3 Bxc3 8. Bxc3 a5 9. e3 Qe7 10. Be2 e5 11. dxe5 dxe5 12. O-O a4 13. Rfb1 Re8 14. b4 axb3 15. Qxb3 Ne4 16. Nd2 Nc5 17. Qc2 b6 18. Bb4 Bb7 19. Bf3 Nxb4 20. axb4 e4 21. Be2 Rxa1 22. Rxa1 Nd3 23. b5 Qf6 24. Rf1 Rd8 25. Nb3 Qg6 26. Nd4 Rxd4 27. exd4 Nf4 28. Bf3 exf3 29. Qxg6 Ne2+ 30. Kh1 hxg6 31. g3 Nxd4 32. Rd1 Ne6 33. Kg1 g5 34. Kf1 Kf8 35. Ke1 Ke7 36. Kd2 g4 37. Ke3 f5 38. Rd2 g5 39. Kd3 Nc5+ 40. Ke3 Bc8 41. Rd5 Be6 42. Rd2 Bxc4 43. Rb2 Kd6 44. Kd4 Be2 45. Ke3 Ke5 46. Rb4 Ne4 0-1

[Event "Futurity V"]
[Site "Montreal CAN"]
[Date "2003.12.29"]
[Round "4"]
[White "Lesiege, Alexandre"]
[Black "Hua, Lefong"]
[Result "1/2-1/2"]
[WhiteElo "2535"]
[BlackElo "2267"]
[WhiteFideId "-1"]
[WhiteFideId "-1"]
[PlyCount "35"]
[GameId "2160767911225869"]
[EventDate "2003.12.26"]
[EventType "schev"]
[EventRounds "10"]
[EventCountry "CAN"]
[SourceTitle "CBM 098 Extra"]
[Source "ChessBase"]
[SourceDate "2004.03.10"]
[SourceVersion "2"]
[SourceVersionDate "2004.03.10"]
[SourceQuality "1"]

1. Nf3 Nf6 2. c4 c5 3. Nc3 e6 4. d4 cxd4 5. Nxd4 a6 6. g3 Qc7 7. Bg2 Qxc4 8. O-O Qc7 9. e4 Nc6 10. Be3 d6 11. Rc1 Qa5 12. Re1 Nxd4 13. Bxd4 e5 14. Nd5 Nxd5 15. exd5 Be7 16. Bxe5 dxe5 17. d6 Bf6 18. Rxc8+ 1/2-1/2

[Event "Futurity V"]
[Site "Montreal CAN"]
[Date "2004.01.02"]
[Round "6"]
[White "Lesiege, Alexandre"]
[Black "Masse, Hugues"]
[Result "1-0"]
[WhiteElo "2535"]
[BlackElo "2120"]
[WhiteFideId "-1"]
[WhiteFideId "-1"]
[PlyCount "43"]
[GameId "2160767911225878"]
[EventDate "2003.12.26"]
[EventType "schev"]
[EventRounds "10"]
[EventCountry "CAN"]
[SourceTitle "CBM 098 Extra"]
[Source "ChessBase"]
[SourceDate "2004.03.10"]
[SourceVersion "2"]
[SourceVersionDate "2004.03.10"]
[SourceQuality "1"]

1. d4 Nf6 2. c4 g6 3. Nc3 d5 4. cxd5 Nxd5 5. e4 Nxc3 6. bxc3 Bg7 7. Nf3 c5 8. Bb5+ Nd7 9. O-O O-O 10. Re1 a6 11. Bf1 Nb8 12. h3 Nc6 13. Be3 Qa5 14. Qb3 cxd4 15. cxd4 e6 16. Rac1 Re8 17. Red1 Qd8 18. d5 exd5 19. Bb6 Qf6 20. exd5 Nb8 21. Re1 Rf8 22. Bc5 1-0

[Event "Futurity V"]
[Site "Montreal CAN"]
[Date "2003.01.03"]
[Round "7"]
[White "Bachand-Fleurent, Julien"]
[Black "Lesiege, Alexandre"]
[Result "0-1"]
[WhiteElo "2057"]
[BlackElo "2535"]
[WhiteFideId "-1"]
[WhiteFideId "-1"]
[PlyCount "114"]
[GameId "2160767911225882"]
[EventDate "2003.12.26"]
[EventType "schev"]
[EventRounds "10"]
[EventCountry "CAN"]
[SourceTitle "CBM 098 Extra"]
[Source "ChessBase"]
[SourceDate "2004.03.10"]
[SourceVersion "2"]
[SourceVersionDate "2004.03.10"]
[SourceQuality "1"]

1. e4 c5 2. Nc3 Nc6 3. g3 g6 4. Bg2 Bg7 5. d3 d6 6. Be3 Rb8 7. Qd2 b5 8. Nge2 b4 9. Nd1 Nd4 10. O-O e6 11. Nc1 Qa5 12. Kh1 h5 13. h3 Ne7 14. c3 bxc3 15. bxc3 Ndc6 16. Ne2 Ba6 17. f4 f5 18. Nf2 Rb6 19. Rfb1 Kf7 20. Rxb6 Qxb6 21. h4 Rb8 22. Nh3 Ke8 23. Ng5 Kd7 24. d4 Qb2 25. Rd1 Bxe2 26. dxc5 d5 27. exd5 exd5 28. Bxd5 Qxd2 29. Be6+ Kc7 30. Rxd2 Rb1+ 31. Kh2 Ba6 32. Bd4 Nxd4 33. cxd4 Bb7 34. d5 Bc3 35. Rd3 Bb4 36. d6+ Kb8 37. Nf3 Nc6 38. Bd5 Bxc5 39. Bxc6 Bxc6 40. d7 Be7 41. d8=Q+ Bxd8 42. Rxd8+ Kc7 43. Rd3 Rf1 44. Kg2 Rxf3 45. Rxf3 Kd6 46. Kf2 Bxf3 47. Kxf3 Kc5 48. Ke3 Kc4 49. Ke2 Kc3 50. Ke3 a5 51. a4 Kc4 52. Ke2 Kb3 53. Ke3 Kxa4 54. Kd4 Kb5 55. Ke5 a4 56. Kf6 a3 57. Kxg6 a2 0-1

[Event "Futurity V"]
[Site "Montreal CAN"]
[Date "2003.01.04"]
[Round "8"]
[White "Lesiege, Alexandre"]
[Black "Charbonneau, Anne-Marie"]
[Result "1-0"]
[WhiteElo "2535"]
[BlackElo "2084"]
[WhiteFideId "-1"]
[WhiteFideId "-1"]
[PlyCount "118"]
[GameId "2160767911225888"]
[EventDate "2003.12.26"]
[EventType "schev"]
[EventRounds "10"]
[EventCountry "CAN"]
[SourceTitle "CBM 098 Extra"]
[Source "ChessBase"]
[SourceDate "2004.03.10"]
[SourceVersion "2"]
[SourceVersionDate "2004.03.10"]
[SourceQuality "1"]

1. d4 d5 2. c4 e6 3. Nc3 Be7 4. Nf3 Nf6 5. Bf4 O-O 6. e3 c5 7. dxc5 Bxc5 8. cxd5 Nxd5 9. Nxd5 exd5 10. a3 Nc6 11. Bd3 Bb6 12. O-O Qf6 13. b4 Bg4 14. h3 Bf5 15. b5 Nd4 16. Bxf5 Nxf3+ 17. Qxf3 Qxf5 18. a4 Rac8 19. Rfd1 Rfd8 20. Ra3 Bc7 21. Rad3 Bxf4 22. Rd4 Rd6 23. Rxf4 Qe6 24. Rfd4 Rcd8 25. R1d2 Kf8 26. Qd1 Ke7 27. Qc2 h6 28. Qc7+ R8d7 29. Qb8 a6 30. Rc2 axb5 31. axb5 Rb6 32. Qg8 Rxb5 33. Qxg7 Qf6 34. Qg3 Qg6 35. Qe5+ Qe6 36. Qh5 Qg6 37. Qe2 Rb1+ 38. Kh2 Re1 39. Qd3 Qd6+ 40. Rf4 Ra1 41. Qd4 Ra6 42. Rc8 Rd8 43. Rxd8 Kxd8 44. Qg7 Ra4 45. Qg8+ Kc7 46. Qxf7+ Kc6 47. Qf6 Qxf6 48. Rxf6+ Kc5 49. Rxh6 b5 50. Rh8 Ra6 51. Rb8 b4 52. g4 Rb6 53. Rxb6 Kxb6 54. g5 b3 55. g6 b2 56. g7 b1=Q 57. g8=Q Qf5 58. Qg3 Kc5 59. Kg2 Kc4 1-0

[Event "Futurity V"]
[Site "Montreal CAN"]
[Date "2004.01.05"]
[Round "9"]
[White "Hua, Lefong"]
[Black "Lesiege, Alexandre"]
[Result "1-0"]
[WhiteElo "2267"]
[BlackElo "2535"]
[WhiteFideId "-1"]
[WhiteFideId "-1"]
[PlyCount "65"]
[GameId "2160767911225894"]
[EventDate "2003.12.26"]
[EventType "schev"]
[EventRounds "10"]
[EventCountry "CAN"]
[SourceTitle "CBM 098 Extra"]
[Source "ChessBase"]
[SourceDate "2004.03.10"]
[SourceVersion "2"]
[SourceVersionDate "2004.03.10"]
[SourceQuality "1"]

1. d4 Nf6 2. c4 e6 3. Nc3 Bb4 4. e3 O-O 5. Nge2 d5 6. cxd5 exd5 7. g3 c6 8. Bg2 Re8 9. Qc2 Nbd7 10. O-O Bd6 11. Kh1 a6 12. a3 Qe7 13. f3 c5 14. e4 cxd4 15. Nxd4 Be5 16. Be3 Nf8 17. f4 Bxd4 18. Bxd4 dxe4 19. Bxf6 Qxf6 20. Nd5 Qg6 21. Nc7 Bf5 22. Nxa8 Rxa8 23. Rae1 Re8 24. Re3 Nd7 25. g4 Qxg4 26. Bxe4 Rxe4 27. Rxe4 h6 28. Re8+ Kh7 29. Qg2 Qh5 30. Rg1 Bg6 31. Qxb7 Nc5 32. Qg2 Nd3 33. Qa8 1-0

[Event "Premiere Neige"]
[Site "Montreal CAN"]
[Date "2003.12.12"]
[Round "1"]
[White "Lesiege, Alexandre"]
[Black "Sullivan, Neil"]
[Result "1-0"]
[WhiteElo "2589"]
[BlackElo "2056"]
[WhiteFideId "-1"]
[WhiteFideId "-1"]
[PlyCount "35"]
[GameId "2160767911225975"]
[EventDate "2003.12.12"]
[EventType "swiss"]
[EventRounds "5"]
[EventCountry "CAN"]
[SourceTitle "EXT 2006"]
[Source "ChessBase"]
[SourceDate "2005.11.24"]
[SourceVersion "1"]
[SourceVersionDate "2005.11.24"]
[SourceQuality "1"]

1. d4 d5 2. c4 e6 3. Nf3 Nf6 4. Nc3 Be7 5. Bf4 O-O 6. e3 b6 7. Rc1 Bb7 8. cxd5 Nxd5 9. Nxd5 Bxd5 10. Bxc7 Qd7 11. a3 Nc6 12. Bg3 Rac8 13. Ba6 Rcd8 14. Qe2 f5 15. O-O Bf6 16. Bb5 Rfe8 17. Rc3 f4 18. Bxf4 1-0

[Event "Premiere Neige"]
[Site "Montreal CAN"]
[Date "2003.12.13"]
[Round "2"]
[White "Mikanovic, Goran"]
[Black "Lesiege, Alexandre"]
[Result "1/2-1/2"]
[WhiteElo "2281"]
[BlackElo "2589"]
[WhiteFideId "-1"]
[WhiteFideId "-1"]
[PlyCount "30"]
[GameId "2160767911225980"]
[EventDate "2003.12.12"]
[EventType "swiss"]
[EventRounds "5"]
[EventCountry "CAN"]
[SourceTitle "EXT 2006"]
[Source "ChessBase"]
[SourceDate "2005.11.24"]
[SourceVersion "1"]
[SourceVersionDate "2005.11.24"]
[SourceQuality "1"]

1. d4 d5 2. c4 c6 3. Nf3 e6 4. e3 f5 5. Be2 Nf6 6. O-O Bd6 7. b3 Qe7 8. a4 a5 9. Ba3 O-O 10. Bxd6 Qxd6 11. Nbd2 b6 12. Qc2 Ne4 13. Ne5 Na6 14. Nxe4 fxe4 15. f3 Nb4 1/2-1/2

[Event "Premiere Neige"]
[Site "Montreal CAN"]
[Date "2003.12.13"]
[Round "3"]
[White "Lesiege, Alexandre"]
[Black "Hebert, Jean"]
[Result "1-0"]
[WhiteElo "2589"]
[BlackElo "2443"]
[WhiteFideId "-1"]
[WhiteFideId "-1"]
[PlyCount "75"]
[GameId "2160767911225986"]
[EventDate "2003.12.12"]
[EventType "swiss"]
[EventRounds "5"]
[EventCountry "CAN"]
[SourceTitle "EXT 2006"]
[Source "ChessBase"]
[SourceDate "2005.11.24"]
[SourceVersion "1"]
[SourceVersionDate "2005.11.24"]
[SourceQuality "1"]

1. d4 Nf6 2. c4 e6 3. Nc3 d5 4. Nf3 Be7 5. Bf4 O-O 6. e3 c6 7. Bd3 b6 8. O-O Bb7 9. e4 dxe4 10. Nxe4 c5 11. Nxf6+ Bxf6 12. dxc5 bxc5 13. Re1 g6 14. Re3 Qe7 15. h4 Nc6 16. Ng5 Rfd8 17. Qe2 Rd4 18. Be4 Na5 19. Bxb7 Qxb7 20. Ne4 Bg7 21. Rc1 Qb6 22. b3 e5 23. Bh2 Nc6 24. h5 Rad8 25. Re1 Qa5 26. hxg6 hxg6 27. Qf3 f5 28. Ng5 R8d6 29. Bxe5 Nxe5 30. Rxe5 Bxe5 31. Rxe5 Qd2 32. Qa8+ Rd8 33. Re8+ Kg7 34. Rxd8 Qc1+ 35. Kh2 Qf4+ 36. g3 Qxf2+ 37. Qg2 Rh4+ 38. Nh3 1-0

[Event "Premiere Neige"]
[Site "Montreal CAN"]
[Date "2003.12.14"]
[Round "4"]
[White "Schleifer, Michael"]
[Black "Lesiege, Alexandre"]
[Result "0-1"]
[WhiteElo "2319"]
[BlackElo "2589"]
[WhiteFideId "-1"]
[WhiteFideId "-1"]
[PlyCount "88"]
[GameId "2160767911225994"]
[EventDate "2003.12.12"]
[EventType "swiss"]
[EventRounds "5"]
[EventCountry "CAN"]
[SourceTitle "EXT 2006"]
[Source "ChessBase"]
[SourceDate "2005.11.24"]
[SourceVersion "1"]
[SourceVersionDate "2005.11.24"]
[SourceQuality "1"]

1. d4 Nf6 2. c4 e6 3. Nc3 Bb4 4. e3 c5 5. Bd3 Nc6 6. Nf3 Bxc3+ 7. bxc3 d6 8. e4 e5 9. d5 Ne7 10. O-O h6 11. Nd2 Ng6 12. Re1 Nf4 13. Bf1 O-O 14. Nb3 Ng6 15. a4 a5 16. Nd2 Nh7 17. Nb1 f5 18. exf5 Bxf5 19. Na3 Qd7 20. Nc2 e4 21. Ne3 Ne5 22. Rb1 Bg6 23. Be2 Ng5 24. Rb5 Qf7 25. Ng4 Nxg4 26. Bxg4 Qxf2+ 27. Kh1 Bf5 28. Bxf5 Rxf5 29. Be3 Qh4 30. Rxb7 Raf8 31. Rg1 Nf7 32. Qe2 Ne5 33. h3 Qg3 34. Re7 h5 35. Qe1 Qxe1 36. Rxe1 Rf1+ 37. Rxf1 Rxf1+ 38. Kh2 Kf8 39. Re6 Rf6 40. Rxf6+ gxf6 41. Kg3 Nxc4 42. Bf4 Kf7 43. Kf2 Ke7 44. Ke2 Nb6 0-1

[Event "Quebec-ch classe"]
[Site "Repentigny CAN"]
[Date "2003.11.21"]
[Round "1"]
[White "Lacroix, Serge"]
[Black "Lesiege, Alexandre"]
[Result "0-1"]
[WhiteElo "2165"]
[BlackElo "2592"]
[WhiteFideId "-1"]
[WhiteFideId "-1"]
[PlyCount "69"]
[GameId "2160767911234401"]
[EventDate "2003.11.21"]
[EventType "swiss"]
[EventRounds "5"]
[EventCountry "CAN"]
[SourceTitle "Lacroix"]

1. e4 c5 2. Nf3 d6 3. d4 cxd4 4. Nxd4 Nf6 5. Nc3 a6 6. Bg5 e6 7. f4 Nbd7 8. Qf3 Qc7 9. O-O-O b5 10. a3 Bb7 11. g4 Be7 12. Bxf6 Nxf6 13. g5 Nd7 14. h4 Nc5 15. Bh3 g6 16. Rhe1 h5 17. Qe3 e5 18. fxe5 dxe5 19. Nf3 O-O 20. Nd5 Bxd5 21. Rxd5 a5 22. Nxe5 b4 23. Nd7 Nxd7 24. Rxd7 Qe5 25. Rd5 Qh2 26. Rd2 Qc7 27. Rd7 Qc5 28. Qxc5 Bxc5 29. Rd5 Bf2 30. Re2 Bxh4 31. a4 Rfe8 32. c3 bxc3 33. bxc3 Rac8 34. Rxa5 Rxc3+ 35. Kb2 0-1

[Event "Quebec-ch classe"]
[Site "Repentigny CAN"]
[Date "2003.11.22"]
[Round "2"]
[White "Lesiege, Alexandre"]
[Black "Bolduc, Steve"]
[Result "1/2-1/2"]
[WhiteElo "2592"]
[BlackElo "2314"]
[WhiteFideId "-1"]
[WhiteFideId "-1"]
[PlyCount "47"]
[GameId "2160767911234411"]
[EventDate "2003.11.21"]
[EventType "swiss"]
[EventRounds "5"]
[EventCountry "CAN"]
[SourceTitle "EXT 2022"]
[Source "ChessBase"]
[SourceDate "2021.10.06"]
[SourceVersion "1"]
[SourceVersionDate "2021.10.06"]
[SourceQuality "1"]

1. d4 Nf6 2. c4 e5 3. dxe5 Ng4 4. Bf4 Nc6 5. Nf3 Bb4+ 6. Nbd2 Qe7 7. e3 a5 8. Be2 Ngxe5 9. Nxe5 Nxe5 10. O-O d6 11. a3 Bc5 12. Bg3 O-O 13. Ne4 Bb6 14. Rc1 Bf5 15. Nc3 c6 16. Kh1 Rad8 17. Qb3 Ba7 18. Rcd1 Be6 19. Qa4 Bb6 20. Ne4 Bc7 21. Nc3 f5 22. f4 Ng4 23. Bxg4 fxg4 24. Rc1 1/2-1/2

[Event "Quebec-ch classe"]
[Site "Repentigny CAN"]
[Date "2003.11.22"]
[Round "3"]
[White "Beaudoin, Stephane"]
[Black "Lesiege, Alexandre"]
[Result "0-1"]
[WhiteElo "2041"]
[BlackElo "2592"]
[WhiteFideId "-1"]
[WhiteFideId "-1"]
[PlyCount "48"]
[GameId "2160767911234417"]
[EventDate "2003.11.21"]
[EventType "swiss"]
[EventRounds "5"]
[EventCountry "CAN"]
[SourceTitle "EXT 2022"]
[Source "ChessBase"]
[SourceDate "2021.10.06"]
[SourceVersion "1"]
[SourceVersionDate "2021.10.06"]
[SourceQuality "1"]

1. e4 c5 2. Nf3 Nc6 3. d4 cxd4 4. Nxd4 Nf6 5. Nc3 e5 6. Ndb5 d6 7. Nd5 Nxd5 8. exd5 Nb8 9. c4 Be7 10. Be2 O-O 11. O-O a6 12. Na3 Nd7 13. Nc2 a5 14. b3 Nc5 15. Be3 Bg5 16. Bxg5 Qxg5 17. Qc1 Qg6 18. f4 Bh3 19. Rf2 Rae8 20. f5 Bxf5 21. Ne3 Bd7 22. Qc3 Ne4 23. Bd3 Nxc3 24. Bxg6 hxg6 0-1